Statystyki dla Flagi państw - litera "N"

Kliknij tutaj aby rozwiązać quiz!

Ogólne statystyki

  • Ten quiz został rozwiązany 430 razy
  • Średni wynik to 8 z 9

Statystyki odpowiedzi

Odpowiedź% Poprawnych
Niemcy
99%
Norwegia
97%
Nigeria
94%
Nowa Zelandia
94%
Nepal
91%
Niger
87%
Nikaragua
71%
Nauru
68%
Namibia
64%

Rozkład punktacji

Percentyl według liczby udzielonych odpowiedzi

Procent ludzi z każdym wynikiem

Twoja historia wyników

Nie rozwiązałeś tego quizu